Brzi matematički kviz - X 9 - Kviz 24 - Statistics

General Stats
  • This quiz has been taken 25 times
  • The average score is 11 of 15
Answer Stats
Hint Answer % Correct
11 99
94%
7 63
89%
34 306
83%
17 153
78%
25 225
78%
37 333
78%
54 486
78%
63 567
78%
67 603
78%
26 234
72%
39 351
72%
49 441
72%
41 369
67%
69 621
67%
73 657
61%
No matching quizzes found
Score Distribution
Percent of People with Each Score
Percentile by Number Answered
Your Score History
You have not taken this quiz